Journal article Open Access
Yimer NB, Mekonnen EG
<?xml version='1.0' encoding='UTF-8'?>
<record xmlns="http://www.loc.gov/MARC21/slim">
<leader>00000nam##2200000uu#4500</leader>
<controlfield tag="005">20250727175959.0</controlfield>
<controlfield tag="001">13038</controlfield>
<datafield tag="856" ind1="4" ind2=" ">
<subfield code="s">1597170</subfield>
<subfield code="z">md5:0662cd0ec6fe3eefebf441dfaf08a9c8</subfield>
<subfield code="u">https://zenodo.org/record/13038/files/Development and validation of a.pdf</subfield>
</datafield>
<datafield tag="542" ind1=" " ind2=" ">
<subfield code="l">open</subfield>
</datafield>
<datafield tag="260" ind1=" " ind2=" ">
<subfield code="c">2025-02-13</subfield>
</datafield>
<datafield tag="909" ind1="C" ind2="O">
<subfield code="o">oai:zenodo.org:13038</subfield>
</datafield>
<datafield tag="100" ind1=" " ind2=" ">
<subfield code="a">Yimer NB, Mekonnen EG</subfield>
</datafield>
<datafield tag="245" ind1=" " ind2=" ">
<subfield code="a">Development and validation of a risk prediction model for caesarean delivery among multiparous women</subfield>
</datafield>
<datafield tag="540" ind1=" " ind2=" ">
<subfield code="u">https://creativecommons.org/licenses/by-nc/4.0/</subfield>
<subfield code="a">Creative Commons Attribution-NonCommercial</subfield>
</datafield>
<datafield tag="650" ind1="1" ind2="7">
<subfield code="a">cc-by</subfield>
<subfield code="2">opendefinition.org</subfield>
</datafield>
<datafield tag="520" ind1=" " ind2=" ">
<subfield code="a"><p>Abstract</p>
<p>While caesarean risk prediction models exist for nulliparous and high-risk pregnancies, there is a lack of models that predict the risk of caesarean delivery among multiparous women. This study aimed to develop and validate a risk prediction model for caesarean delivery and assess its clinical utility among multiparous women. Using data from 460 participants, a prediction model was developed to predict the risk of caesarean delivery. The model performance was evaluated using the area under the receiver operating characteristic curve (AUC) and calibration plot, and the model was internally validated using bootstrapping technique. A simplified risk score was calculated, and a nomogram was developed for the individual caesarean delivery risk guide. Additionally, a decision curve analysis was performed to assess the clinical utility of the model. The final model included four predictors: maternal age, previous caesarean delivery, pregnancy-induced hypertension, and antepartum hemorrhage. The model had an AUC of 78.0% (95% CI 71.1-84.8), indicating good discrimination capacity. The model also exhibited good calibration and a low overoptimism coefficient, indicating minimal risk of overfitting. The risk prediction model has good clinical utility for discriminating multiparous women at risk of caesarean delivery. The tool can guide clinicians in estimating the risk of caesarean delivery among multiparous women that could lead to improved maternal and neonatal outcomes, ultimately enhancing the quality of care delivered in low-resource settings.</p></subfield>
</datafield>
<datafield tag="773" ind1=" " ind2=" ">
<subfield code="n">issn</subfield>
<subfield code="i">isPublishedIn</subfield>
<subfield code="a">3994-8390</subfield>
</datafield>
<datafield tag="024" ind1=" " ind2=" ">
<subfield code="a">10.1038/s41598-025-86015-w</subfield>
<subfield code="2">doi</subfield>
</datafield>
<datafield tag="980" ind1=" " ind2=" ">
<subfield code="a">publication</subfield>
<subfield code="b">article</subfield>
</datafield>
</record>
| Views | 0 |
| Downloads | 0 |
| Data volume | 0 Bytes |
| Unique views | 0 |
| Unique downloads | 0 |